| 000 | 00510nam a2200217Ia 4500 | ||
|---|---|---|---|
| 005 | 20250425160952.0 | ||
| 008 | 250425s9999 xx 000 0 und d | ||
| 020 | _a8486153913 | ||
| 041 | _aspa | ||
| 082 | _a001.503 | ||
| 100 | _aGUIRAO HERNANDEZ, PEDRO | ||
| 245 | 0 | _aDICCIONARIO DE LA INFORMATICA: ILUSTRADO | |
| 250 | _a1A ED. | ||
| 260 | _aBARCELONA | ||
| 260 |
_aEspaƱa _bMITRE _c1985 |
||
| 300 | _a277 | ||
| 650 | _aDICCIONARIOS | ||
| 650 | _aINFORMATICA | ||
| 942 | _c01 | ||
| 010 | _a9511 | ||
| 999 |
_c199851 _d199851 |
||